| 000 | 00395 a2200145 4500 | ||
|---|---|---|---|
| 082 | _a492.7 | ||
| 090 |
_c3598 _d3598 |
||
| 100 | _aAbdur Rehman Tahir Surti | ||
| 245 |
_aArbi sekhiay (Urdu) _cAbdur Rehman Tahir Surti _hBook |
||
| 260 |
_aIslamabad: , _bMuqtedara Qomi Zuban _c1998. |
||
| 300 |
_a419 p. ; _c 24 cm. |
||
| 500 | _aIncludes Index | ||
| 650 | _aArabic Grammar | ||
| 942 |
_cBK _k492.7 SUR |
||
| 999 |
_c7503 _d7503 |
||